Premier League Appearances by Nationality: Iran - Statistics

General Stats
  • This quiz has been taken 7 times
  • The average score is 2 of 5
Answer Stats
Appearances Player % Correct
50 Alireza Jahanbakhsh
80%
51 Saman Ghoddos
80%
21 Andranik Teymourian
40%
1 Karim Bagheri
20%
43 Ashkan Dejagah
0%
No matching quizzes found
Score Distribution
Percent of People with Each Score
Percentile by Number Answered
Your Score History
You have not taken this quiz